LEADER 01120nam2 2200373 450 001 990000886810203316 010 $88-207-0629-6 035 $a0088681 035 $aUSA010088681 035 $a(ALEPH)000088681USA01 035 $a0088681 100 $a20020118d--------km-y0itay0103----ba 101 $aita 102 $aIT 105 $a||||||||001yy 200 1 $aEserchizi sul calcolo degli elementi strutturali in c.a.p.$fGuido Sarą$v1 205 $a5.ed. aggiornata 210 $aNapoli$cLiguori 215 $a533 p.$cill.$d24 cm 410 $12001 461 1$1001005329$12001$aEsercizi di teoria e tecnica delle costruzioni 606 0 $aTecnica delle costruzioni 676 $a624.17076 700 1$aSARĮ,$bGuido$0293450 801 0$aIT$bsalbc$gISBD 912 $a990000886810203316 951 $a624.17076 SAR$b11516 ING$c624.17076 959 $aBK 969 $aTEC 979 $aPATTY$b90$c20020118$lUSA01$h1634 979 $c20020403$lUSA01$h1733 979 $aPATRY$b90$c20040406$lUSA01$h1701 996 $aEserchizi sul calcolo degli elementi strutturali in c.a.p$9969560 997 $aUNISA LEADER 01618nam0-22003731i-450- 001 990001809980403321 005 20121108102705.0 012 $aunma i-i- 6.a- dosi (3) 1811 (A)$2fei$5ITNA0274: 094.3 B 68/2 035 $a000180998 035 $aFED01000180998 035 $a(Aleph)000180998FED01 035 $a000180998 100 $a20030910d1811----km-y0itay50------ba 101 0 $aita 102 $aIT 105 $aaf------001yy 140 $aa---a---eka------zzybb1000-- 141 $ah--f1fu-$5ITNA0274------------------------------------------------------------------- 200 1 $aDel vino modo di fabbricarlo e conservarlo e delle sue malattie. Istruzione pratica compilata per ordine di S.E. il signor ministro dell'Interno da Gio. Battista Gagliardo ... 210 $aIn Napoli$cPresso Angelo Trani$d1811 215 $a44, [4] p., 1 c. di tav. ripieg.$cill.$d8° 307 $aSegn.: [1]8 2-3/8 316 $aLegato con: Lettera di Gio. Battista Gagliardo al signor cavaliere Filippo Re ...; manca la coperta; tagli spruzzati in giallo, ossidazione della carta; diffusi aloni di umido$5ITNA0274: 094.3 B 68/2 610 0 $aVini 676 $a663.2 700 1$aGagliardo,$bGiovanni Battista$071875 719 00$aTrani,$gAngelo$4650 801 0$aIT$bUNINA$gRICA$2UNIMARC 901 $aAQ 912 $a990001809980403321 952 $a60 094.3 B 68/2$fFAGBC 959 $aFAGBC 996 $aDel vino modo di fabbricarlo e conservarlo e delle sue malattie. Istruzione pratica compilata per ordine di S.E. il signor ministro dell'Interno da Gio. Battista Gagliardo ..$9409758 997 $aUNINA LEADER 00872nam a2200265 i 4500 001 991003581739707536 005 20021218132317.0 008 020418s1999 it a b 001 0 ita d 020 $a8870511847 035 $ab11834407-39ule_inst 040 $aDi.S.Te.B.A.$beng 082 0 $a571.6$222 245 03$aLa cellula /$ca cura di Pasquale Rosati, Roberto Colombo 250 $a2nd ed. 260 3 $aMilano :$bEdi.Ermes,$c1999 300 $axix, 427 p. :$bill. ;$c26 cm 650 4$aCell$xBiology 700 1 $aRosati, Pasquale 700 1 $aColombo, Roberto 907 $a.b11834407$b27-09-11$c18-12-02 912 $a991003581739707536 945 $aLE003 571.6 ROS01.01 (1999)$g1$i2003000026849$lle003$o-$pE0.00$q-$rl$s- $t1$u46$v0$w46$x0$y.i12085443$z18-12-02 996 $aCellula$979198 997 $aUNISALENTO 998 $ale003$b01-01-02$cm$da $e-$fita$git $h3$i1